00765 2200253 4500001002100000005001700021008004100038020002200079035002400101040001200125082001800137084001800155090002200173100002700195245008400222250001000306260004500316300003600361504002700397650002900424700002400453850001200477990002200489INLIS00000000002952320170731093958.0  a978-602-1691-02-1 0010-071700000000693 aYOPDYOG042[23]a005.432 a005.432 Ant M aDEP 005.432 Ant M0 aANTONIUS FRAN SETIAWAN1 aMengulas sistem operasic/ Antonius Fran Setiawan ; editor, Sintha Setyaningrum aCet.1 aYogyakartabSkripta Media Creativec2013 avi, 106 hlm.b: ilus.c; 29 cm. aBibliografi : hlm. 106 4aKomputerxSistem Operasi0 aSintha Setyaningrum aYOPDYOG aCB-D.11/2013-2640